<The> great escape health, wealth, and the origins of inequality

Enregistré dans:
Détails bibliographiques
Auteur principal: Deaton, Angus
Format: Livre
Langue:anglais
Publié: Princeton Princeton University Press 2013
Sujets:
Tags: Ajouter un tag
Pas de tags, Soyez le premier à ajouter un tag!

MARC

LEADER 00000nam a2200000 4500
001 0229298
005 20230109114537.2
020 |a 978-0-691-15354-4 
020 |a 978-0-691-16562-2 
041 0 |a eng 
044 |a US 
245 1 0 |a <The> great escape  |b health, wealth, and the origins of inequality  |c Angus Deaton 
264 1 |a Princeton  |b Princeton University Press  |c 2013 
300 |a 360 s. 
610 2 0 |a obyvateľstvo 
610 2 0 |a populácia 
610 2 0 |a vývoj hospodársky 
610 2 0 |a úroveň životná 
610 2 0 |a štýl životný 
610 2 0 |a zdravie 
610 2 0 |a vek 
610 2 0 |a podmienky životné 
610 2 0 |a blahobyt 
610 2 0 |a ochrana zdravia 
610 2 0 |a úmrtnosť 
610 2 0 |a peniaze 
610 2 0 |a globalizácia 
610 2 0 |a pomoc zahraničná 
100 1 |a Deaton, Angus